Statistics for Say My Name - Destiny’s Child - All Lyrics

Click here to take the quiz!

General Stats

  • This quiz has been taken 86 times
  • The average score is 745 of 886

Answer Stats

Answer% Correct
"baby”
100%
"baby"
100%
(Baby,
100%
“Baby,
100%
"Baby,
100%
baby)
100%
(I
100%
I
100%
my
100%
name,
100%
name
100%
name)
100%
Oh,
100%
(Say,
100%
Say,
100%
(Say
100%
Say
100%
say
100%
say,
100%
"Uh-huh,
100%
woah,
100%
woah
100%
yeah,
100%
yeah
100%
you")
100%
you)
100%
you”
100%
you
100%
you"
100%
You
100%
you,
100%
love
98%
(Love
98%
(Is
95%
is
95%
the
95%
around
93%
me
93%
no
93%
no, no)
93%
no, no,
93%
(No, no,
93%
one
93%
when
91%
When
91%
game
86%
if
86%
If
86%
(If
86%
actin'
84%
call,
84%
kinda
84%
why
84%
Why
84%
callin'
82%
your
82%
shady,
80%
shady
80%
(Shady,
80%
Ain't
77%
ain't
77%
be
77%
do
77%
know
77%
that
77%
to
77%
yeah,
77%
yeah)
77%
yeah
77%
ye-yeah
77%
ye-yeah,
77%
Ye-yeah,
77%
(Ye-yeah,
77%
ye-yeah)
77%
(Ye-ye-yeah)
77%
and
75%
then
75%
who
75%
you're
75%
how
73%
How
73%
in
73%
it
73%
of
73%
(Sudden
73%
sudden
73%
change
70%
change?
70%
change)
70%
Every
70%
runnin'
70%
So
70%
are
68%
But
68%
'Cause
68%
‘Cause
68%
Don’t
68%
don't
68%
sayin'
68%
am
66%
not
66%
by
64%
from
64%
Just
64%
just
64%
said
64%
strange
64%
there
64%
there,
64%
two
64%
way
64%
with?
64%
with
64%
Could
61%
day?"
61%
day
61%
I'm
61%
other
61%
reason
61%
things
61%
times
61%
would
61%
all,
59%
at
59%
goin'
59%
how's
59%
lady?
59%
okay”
59%
tell
59%
Tell
59%
down,
57%
got
57%
gotta
57%
holdin'
57%
It’s
57%
played
57%
same
57%
this?
57%
this
57%
word
57%
yesterday?
57%
another
55%
Better
55%
can't
55%
everything
55%
feel
55%
let
55%
like
55%
today,
55%
up
55%
What
55%
back
52%
first
52%
home
52%
lie?
52%
seems
52%
Shouldn’t
52%
sit
52%
somebody's
52%
someone
52%
that's
52%
truth,
52%
truth?
52%
try
52%
usually
52%
Any
50%
now
50%
question,
50%
yourself
50%
believe
48%
else
48%
girl
48%
nobody's
48%
over
48%
Something’s
48%
took
48%
voice
48%
voice,
48%
Where
48%
came
45%
hard
45%
bounce
43%
clique?
43%
crib
43%
heard
43%
house
43%
prove
43%
seconds
43%
ago
41%
caught
41%
cannot
39%
assuming
36%
Gettin'
36%
claim
34%

Score Distribution

Percentile by Number Answered

Percent of People with Each Score

Your Score History

You have not taken this quiz